Nueva versión de la resolución técnica 22 a partir de las modificaciones previstas por la resolución técnica 46 de la FACPCE (Registro nro. 12351)
[ vista simple ]
| 000 -LEADER | |
|---|---|
| fixed length control field | 00399 a2200109 4500 |
| 001 - CONTROL NUMBER | |
| control field | ART_45563 |
| 005 - DATE AND TIME OF LATEST TRANSACTION | |
| control field | 20260410161630.0 |
| 008 - FIXED-LENGTH DATA ELEMENTS--GENERAL INFORMATION | |
| fixed length control field | 260409a |
| 100 1# - MAIN ENTRY--PERSONAL NAME | |
| Personal name | Torres, Carlos Federico |
| 245 10 - TITLE STATEMENT | |
| Title | Nueva versión de la resolución técnica 22 a partir de las modificaciones previstas por la resolución técnica 46 de la FACPCE |
| 773 0# - HOST ITEM ENTRY | |
| Title | Enfoques |
| Related parts | - Nº 3 (mar. 2018) |
| Record control number | REV416 |
No hay ítems disponibles.